| 000 | 00522nam a2200217Ia 4500 | ||
|---|---|---|---|
| 008 | 160803s9999 xx 000 0 und d | ||
| 020 | _a043966215X | ||
| 100 | _aStine, R.L | ||
| 245 | _aAttack of the mutant / | ||
| 245 | _cR.L. Stine | ||
| 260 | _aNew York : | ||
| 260 | _bScholastic Inc. | ||
| 260 | _c1994 | ||
| 300 | _a117, [16] pages ; | ||
| 300 | _c20 cm. | ||
| 440 | _aGoosebumps original series ; | ||
| 440 | _vbk. 25. | ||
| 650 | _aFantasy fiction. | ||
| 650 | _aHorror tales. | ||
| 700 | _a510 | ||
| 999 |
_c298735 _d298735 |
||